000
00234nam a22001097a 4500
082
_a
823
_b
LAD/B
245
_a
BOUCLE D OR ET LES TROIS OURS
260
_a
UK
_b
LADYBIRD
300
_a
50
650
_a
ENGLISH SHORT STORY
_z
UK
942
_c
BK
999
_c
4687
_d
4687